000 00674nam a2200241Ia 4500
003 OSt
005 20220926013616.0
006 a|||||r|||| 00| 0
007 ta
008 220923b |||||||| |||| 00| 0 eng d
020 _a0471349836
037 _cGeneral Book
040 _aRTL
_cRTL
_beng
041 _2eng
_aeng
082 _aX:7:(B), P2
100 _aKing Alfred M
_9318705
245 0 _aValuation
_b What assets are really worth
260 _aNew York
_bJohn Wiley
_c2002
300 _axix,296p
_ccm.
650 _aValue Economics IRT Mathematics
_9238967
942 _hX:7:(B), P2
_cGB
_2CC
999 _c626402
_d626402